00462nam a2200157Ia 4500003000900000008004100009040001600050080001500066100002700081245008600108260003400194300001000228650004100238650000900279650001600288IN-BaIIA211028s9999 xx 000 0 eng d cIIA Library a523.43bDE aDe Vaucouleurs, Gerard 0aPhysics of the planet marsban introduction to aerophysicscGerard De Vaucouleurs aLondonbFaber and Faberc1954 a365p. aAstronomy and astrophysics thesaurus aMars aPlanet Mars